Medzinárodné investovanie a jeho vplyv na životné prostredie
Dôsledky komplexnej ľudskej činnosti na zmenu kvality životného prostredia. Celosvetový charakter globálnych environmentálnych problémov. Hlavná úloha environmentalistiky. Nevyhnutnosť podriaďovať ciele ekonomickej aktivity ochrane životného prostredia.
Gespeichert in:
| 1. Verfasser: | |
|---|---|
| Format: | Buchkapitel |
| Sprache: | Slowakisch |
| Schlagworte: | |
| Tags: |
Keine Tags, Fügen Sie das erste Tag hinzu!
|
MARC
| LEADER | 00000naa$a2200000$$$4500 | ||
|---|---|---|---|
| 001 | 0049855 | ||
| 005 | 20240502071556.7 | ||
| 041 | 0 | |a slo | |
| 044 | |a SK | ||
| 245 | 1 | 0 | |a Medzinárodné investovanie a jeho vplyv na životné prostredie |c Jarmila Vidová |
| 520 | |a Dôsledky komplexnej ľudskej činnosti na zmenu kvality životného prostredia. Celosvetový charakter globálnych environmentálnych problémov. Hlavná úloha environmentalistiky. Nevyhnutnosť podriaďovať ciele ekonomickej aktivity ochrane životného prostredia. | ||
| 610 | 2 | 0 | |a investovanie |
| 610 | 2 | 0 | |a prostredie životné |
| 610 | 2 | 0 | |a technológie nové |
| 610 | 2 | 0 | |a konkurencieschopnosť |
| 610 | 2 | 0 | |a investície zahraničné |
| 610 | 2 | 0 | |a environmentalistika |
| 610 | 2 | 0 | |a ochrana prostredia životného |
| 100 | 1 | |a Vidová, Jarmila, 1967- | |